Countries that don't recognize People's Republic of China - Statistics

General Stats
  • This quiz has been taken 39 times
  • The average score is 12 of 22
Answer Stats
Answer % Correct
Nauru
68%
Palau
65%
Vatican City
65%
Kiribati
62%
Tuvalu
62%
Haiti
59%
Belize
56%
Nicaragua
56%
Dominican Republic
53%
El Salvador
53%
Marshall Islands
53%
Saint Kitts and Nevis
53%
Solomon Islands
53%
Guatemala
50%
Panama
50%
Saint Lucia
50%
Honduras
47%
Saint Vincent and the Grenadines
47%
São Tomé and Príncipe
44%
Paraguay
41%
Burkina Faso
35%
Swaziland
29%
No matching quizzes found
Score Distribution
Percent of People with Each Score
Percentile by Number Answered
Your Score History
You have not taken this quiz